000 00777nam a22002171i 4500
003 IT-RoINE
005 20160216063147.0
008 900725s1956 sp r |dspa d
040 _aSpMaBN
_cA2 IT-RoINE
130 0 0 _aEstebanillo González
_922619
245 1 3 _aLa vida y hechos de Estebanillo González :
_bhombre de buen humor /
_ccompuesta por él mismo ; edición y notas de Juan Millé y Giménez.
260 _aMadrid :
_bEspasa-Calpe,
_c1956.
300 _a2 v. ;
_c19 cm.
336 _2rdacontent
_atext
337 _2rdamedia
_aunmediated
338 _2rdacarrier
_avolume
490 1 _aClásicos castellanos ;
_v108-109
700 1 _aMillé y Giménez, Juan,
_d1884-1945
_922620
830 0 _922520
_aClásicos castellanos (Espasa-Calpe) ;
_v108-109
942 _cMTS
999 _c10984
_d10984